Some Countries of the World Quiz - Americas Mostly - Statistics

General Stats
  • This quiz has been taken 462 times
    384 since last reset
  • The average score is 37 of 40
Answers on the Map
Answers color-coded by a green-red scale on the quiz's map according to % correct below.
 
Answer Stats
Country % Correct
Brazil
100%
Canada
100%
Cuba
100%
Argentina
98%
Germany
98%
India
98%
Mexico
98%
United States
98%
China
97%
France
96%
Japan
96%
Mongolia
96%
Russia
96%
South Africa
96%
United Kingdom
96%
Chile
95%
Colombia
95%
Madagascar
95%
Norway
95%
Australia
94%
Bahamas
94%
Egypt
94%
Greece
94%
Haiti
94%
Italy
94%
Panama
94%
Poland
94%
Spain
94%
Sweden
94%
Ukraine
94%
Bolivia
93%
Paraguay
93%
Peru
92%
Uruguay
92%
Dominican Republic
91%
Honduras
91%
Jamaica
91%
Venezuela
91%
Belize
89%
Costa Rica
89%
Denmark
89%
Ecuador
89%
Suriname
89%
Taiwan
89%
Guatemala
88%
Guyana
88%
Nicaragua
87%
El Salvador
83%
Chad
80%
Barbados
48%
Saint Kitts and Nevis
40%
No matching quizzes found
Score Distribution
Percent of People with Each Score
Percentile by Number Answered
Your Score History
You have not taken this quiz since the last reset